| 000 | 01873nam a22003737a 4500 | ||
|---|---|---|---|
| 001 | 18044 | ||
| 003 | CO-MdFUSB | ||
| 005 | 20210605104557.0 | ||
| 008 | 170516t1979 s ||||| |||| 00| 0 s d | ||
| 020 | _a84-285-0768-6 | ||
| 040 |
_aCO-MdFUSB _bspa _cCO-MdFUSB _dCO-MdFUSBC _erda |
||
| 041 | _aspa | ||
| 082 | 0 | 4 | _aG 220.6 E9628e |
| 245 | 1 | 0 |
_aExégesis Bíblica _b : textos, métodos, interpretaciones _c / Peter Fiedler ... [et. al.] ; traducido por José Luis Albizu |
| 260 | _a | ||
| 264 | 4 |
_aMadrid, España : _bTalleres de Josmar, _c©1979 |
|
| 300 |
_a199 p. _c; |
||
| 336 | _2rdacontent | ||
| 337 | _2rdamedia | ||
| 338 | _2rdacarrier | ||
| 500 | _aTítulo Original: Werkstatt-Bibelauslegung. Bilder-Interpretationen-texte | ||
| 501 | _aRústico | ||
| 505 | _aI Parte. Textos estudiados del Antiguo Testamento -- La sentencia contra la serpiente -- Caín, los kenitas y Yavé -- Los hijos de Dios y las hijas de los hombres -- ¿Por qué la confusión de lenguas en Babel? -- La alianza de Abraham -- Abraham y el santuario de Mambré -- Los doce hijos de Jacob -- La pascua de Israel \ II Parte. Nuevo Testamento -- ¿Ángeles en los campos de Belén? -- Una curación y tres relatos -- "Desde ahora serás pescadores de hombres" -- La entrada de Jesús en Jerusalén -- ¿Quién es el culpable de la muerte de Jesús? -- La fecha de la pasión de Jesús -- La ascensión de Jesús: ¿una invención? -- Quedaron todos llenos del Espíritu Santo -- Tras las huellas de los copistas | ||
| 650 | 7 |
_aHermenéutica _9418 |
|
| 650 | 7 |
_aHermenéutica _9418 |
|
| 650 | 0 |
_aBiblia _916 |
|
| 650 | 7 |
_aCrítica textual _9482 |
|
| 653 | _aExégesis bíblica | ||
| 653 | _aBiblia - Comentarios | ||
| 653 | _aBiblia A.T. - Crítica - Interpretacion, etc | ||
| 653 | _aBiblia A.T. - Crítica - Interpretación, etc | ||
| 942 | _cBK | ||
| 945 | _aJTF-925 | ||
| 999 |
_c44537 _d44537 |
||